| 000 | 00726nam a22001937a 4500 | ||
|---|---|---|---|
| 005 | 2008100700240.0 | ||
| 008 | 080630t xxu||||| |||| 00| 0 tml d | ||
| 010 | _aTML-30872 | ||
| 035 | _aTM-29111 | ||
| 037 | _bdbad | ||
| 082 | _a080 / VAZ | ||
| 245 |
_aவாழ்வயல் கூறுகள் _bed by துரை.பட்டாபிராமன்...[etal] |
||
| 246 |
_aVazhviyal kurugal _bed by Durai Pattabiraman |
||
| 250 | _a1st ed | ||
| 260 |
_aChennai _bkalaignan Pathippagam _c2007 |
||
| 300 |
_a272p _c22cm |
||
| 942 |
_cTM _2ddc _h080 _mVAZ |
||
| 999 |
_c14146 _d14146 |
||